Statistics for Top 10 Smallest European Countries by Population

Click here to take the quiz!

General Stats

  • This quiz has been taken 183 times
  • The average score is 9 of 10

Answer Stats

PopulationCountry% Correct
78,000Andorra
97%
842Vatican City
96%
38,111Liechtenstein
94%
32,742San Marino
94%
602,000Luxembourg
92%
37,000Monaco
92%
475,700Malta
89%
350,710Iceland
78%
642,550Montenegro
78%
1,315,000Estonia
75%

Score Distribution

Percentile by Number Answered

Percent of People with Each Score

Your Score History

You have not taken this quiz